People on our side

Guardat en:
Dades bibliogràfiques
Autor principal: Snow, Edgar
Format: Llibre
Idioma:Undetermined
Publicat: New York Random house 1944
Matèries:
Etiquetes: Afegir etiqueta
Sense etiquetes, Sigues el primer a etiquetar aquest registre!
Thư viện lưu trữ: Trung tâm Học liệu Trường Đại học Cần Thơ
LEADER 00609nam a2200229Ia 4500
001 CTU_111173
008 210402s9999 xx 000 0 und d
020 |c 110500 
082 |a 940.548173 
082 |b S674 
100 |a Snow, Edgar 
245 0 |a People on our side 
245 0 |c Edgar Snow 
260 |a New York 
260 |b Random house 
260 |c 1944 
650 |a World War,World War 
650 |x Personal narratives, American 
650 |y 1939-1945,1939-1945,1939-1945 
650 |z Soviet Union,India 
904 |i Hiếu 
980 |a Trung tâm Học liệu Trường Đại học Cần Thơ